00357nam a2200133Ia 4500008004100000020001500041040001200056082001400068100003900082245002700121250001200148260005100160300001200211200103s9999||||xx |||||||||||||| ||und|| a8123904002 aIMU-MPC aColumn-25 aNelkon, Michael and Parker, Philip 0aAdvanced level Physics a7th Ed. bCBS Publishers & Distributors, New Delhic1995 axv, 927